Racionalidad dominante y testimonio: la disputa por el saber /
Gorde:
| Egile nagusia: | |
|---|---|
| Beste egile batzuk: | , |
| Formatua: | Texto |
| Etiketak: |
Etiketa erantsi
Etiketarik gabe, Izan zaitez lehena erregistro honi etiketa jartzen!
|
MARC
| LEADER | 00000 a a2200000 04500 | ||
|---|---|---|---|
| 001 | 46685 | ||
| 003 | |||
| 040 | |||
| 100 | |a Avendaño Amador,César Roberto | ||
| 245 | |a Racionalidad dominante y testimonio: |b la disputa por el saber / |c César Roberto Avendaño Amador, Víctor Manuel Alvarado García, Mayra Eréndira Nava Becerra | ||
| 700 | |a Alvarado García, Víctor Manuel | ||
| 700 | |a Nava Becerra, Mayra Eréndira | ||
| 773 | |g número40 (2014), páginas 115-129 | ||
| 999 | |c 24651 |d 24651 | ||
